书目信息 |
| 书名: | The Bush-Hater's Handbook | |
| 作者: | Jack Huberman | |
| 分册号: | ||
| 分册名: | 出版地: | New York |
|
| 出版社: | Nation Books | |
| 出版时间: | 2010 | |
| 页数: | 337p | |
| 开本: | 21cm | |
| 丛书名: | ||
| 中图分类号: | ||
| 科图分类号: | ||
| 其他分类号: | K837.12 | |
| 主题词: | ||
| 电子资源: | ||
| 000 | 00508nam0 2200193 450 | |
| 001 | 052012179979 | |
| 005 | 20121107171529.0 | |
| 008 | 20021229d1997 em y0chiy0121 ea | |
| 020 | @a978-1-5602-5569-7@c$13.95 | |
| 041 | @aeng | |
| 091 | @aK837.12 | |
| 099 | @dK837.12@eJ122 | |
| 100 | @aJack Huberman | |
| 245 | 10 | @aThe Bush-Hater's Handbook @cJack Huberman |
| 260 | @aNew York@bNation Books@c2010 | |
| 300 | @a337p@c21cm | |
| 521 | @aThe Bush-Hater's Handbook | |
| 905 | @b009701 | |
| 905 | @aTSG@dK837.12@eJ122 | |
| The Bush-Hater's Handbook / Jack Huberman.-New York : Nation Books , 2010 |
| 337p ; 21cm |
| The Bush-Hater's Handbook |
| ISBN 978-1-5602-5569-7$13.95 |
| ● |
| 相关链接 |
|
|
|
正题名:The Bush-Hater's Handbook
索取号:K837.12/J122
 
预约/预借
| 序号 | 登录号 | 条形码 | 馆藏地/架位号 | 状态 | 备注 |
| 1 | 9701 | 300097017 | 社科库309/309社科库 993排2列1层/ [索取号:K837.12/J122] | 在馆 |